00787nam a2200193 a 450000100100000000500170001000800410002702000150006804000250008308200140010810000240012224500880014626001100023430000330034449000620037750000640043970000280050383000620053100004183520201002035801.0131018s1992 sp a 000 0 spa d a8400072804 aDO-SdBNPbspacBNPHU axxxbC1721 aCamacho, Ana Isabel10aThe Natural History of Biospeleology /cAna Isabel Camacho ; foreword Pere Alberch. aMadrid :bMuseo Nacional de Ciencias Naturales, Consejo Superior de Investigaciones Científicas,c1992. axxi, 680 p. :bil. ;c24 cm.1 aMonografías del museo nacional de ciencias naturalesv7 aIncludes bibliographical references and footnotes on pages.12aPere, Albercheforeword 0aMonografías del museo nacional de ciencias naturalesn7